An introduction to ordinary differential equations /
Đã lưu trong:
| 主要作者: | |
|---|---|
| 格式: | Sách giấy |
| 出版: |
Cambridge ; New York :
Cambridge University Press,
2004
|
| 主題: | |
| 在線閱讀: | Table of contents Publisher description |
| 標簽: |
添加標簽
沒有標簽, 成為第一個標記此記錄!
|
| Thư viện lưu trữ: | Thư viện Trường Đại học Đà Lạt |
|---|
| LEADER | 01152nam a2200361 4500 | ||
|---|---|---|---|
| 001 | DLU050048069 | ||
| 005 | ##20050721 | ||
| 008 | ##030603s2004 enka b 001 0 eng | ||
| 010 | # | # | |a 2003055186 |
| 020 | # | # | |a 0521533910 (pb.) |
| 020 | # | # | |a 0521826500 |
| 040 | # | # | |a DLC |c DLC |d DLC |
| 042 | # | # | |a pcc |
| 050 | # | # | |a QA372 |b .R77 2004 |
| 082 | # | # | |a 515.352 |b RO-J |
| 100 | # | # | |a Robinson, James C. |q (James Cooper), |d 1969- |
| 245 | # | # | |a An introduction to ordinary differential equations / |c James C. Robinson |
| 260 | # | # | |a Cambridge ; |a New York : |b Cambridge University Press, |c 2004 |
| 300 | # | # | |a xiv, 399 p. : |b ill. ; |c 26 cm. |
| 504 | # | # | |a Includes bibliographical references and index. |
| 650 | # | # | |a Differential equations. |
| 856 | # | # | |3 Table of contents |u http://www.loc.gov/catdir/toc/cam031/2003055186.html |
| 856 | # | # | |3 Publisher description |u http://www.loc.gov/catdir/description/cam032/2003055186.html |
| 923 | # | # | |a 21/2005 |
| 992 | # | # | |a 20700 |
| 994 | # | # | |a DLU |
| 900 | # | # | |a True |
| 911 | # | # | |a Nguyễn Thị Tố Hạnh |
| 925 | # | # | |a G |
| 926 | # | # | |a A |
| 927 | # | # | |a SH |
| 980 | # | # | |a Thư viện Trường Đại học Đà Lạt |


